000 01013nam a2200229Ii 4500
003 JO-AjNU
008 230605s9999||||xx |||||||||||||| ||und||
017 _a2007/8166
020 _a977-408-470-5
040 _aJO-AjNU
_bara
_erda
_cJO-AjNU
041 _aara
050 1 4 _aHF5621.2007
100 3 _aتأليف موريس، توماس ,
_eauthor
_927515
245 0 4 _aThe International Dictionary of Accounting Acronyms. Arabic - English = القاموس الدولي لاختصارات المحاسبة : إنجليزي-عربي
250 _aالطبعة العربية الأولى،2007 / الطبعة الأجنبية، 1998
264 3 1 _aالجيزة، مصر: دار الفاروق للاستثمارات الثقافية، 2007
300 _a166ص
_bالنص باللغتين العربية والأجنبية
336 _atext
_btxt
_2rdacontent
337 _aunmediated
_bn
_2rdamedia
338 _avolume
_bnc
_2rdacarrier
650 4 _aالمحاسبة -- مختصرات -- معاجم
_927516
999 _aA10562
_c14130
_d14130